Score 0/25 Timer 05:00
2 Plays Today
% Correct
Friends
96.7%
The Simpsons
93.7%
Star Trek: The Next Generation
93.4%
Futurama
92.5%
How I Met Your Mother
91.4%
Batman: The Animated Series
91.2%
The Sopranos
90.7%
The Office (US)
90.6%
M*A*S*H
88.7%
I Love Lucy
86.2%
Cheers
85.8%
Malcolm in the Middle
84.9%
Desperate Housewives
80.7%
% Correct
Modern Family
79.2%
Roseanne
78.4%
Married...With Children
76.1%
Family Matters
74.9%
Saved by the Bell: The College Years
72.2%
Boardwalk Empire
66.6%
Curb Your Enthusiasm
66.1%
Breaking Bad
55.7%
Deadwood
49.5%
Maverick
42.2%
The Wire
39.5%
Newsradio
33.4%
Remove Ads.
Support Sporcle.
Get the best of Sporcle when you Go Orange. This ad-free experience offers more features, more stats, and more fun while also helping to support Sporcle. Thank you for becoming a member.

You're not logged in!

Compare scores with friends on all Sporcle quizzes.
OR
Log In

Show Comments

Extras

Top Quizzes Today


Score Distribution

Your Account Isn't Verified!

In order to create a playlist on Sporcle, you need to verify the email address you used during registration. Go to your Sporcle Settings to finish the process.

Report this User

Report this user for behavior that violates our Community Guidelines.

Details: